Approximation algorithms. (Record no. 194407)

MARC details
000 -LEADER
fixed length control field 00731nam a2200253Ia 4500
003 - CONTROL NUMBER IDENTIFIER
control field OSt
005 - DATE AND TIME OF LATEST TRANSACTION
control field 20241111104309.0
008 - FIXED-LENGTH DATA ELEMENTS--GENERAL INFORMATION
fixed length control field 210716s2013 xx 000 0 und d
020 ## - INTERNATIONAL STANDARD BOOK NUMBER
International Standard Book Number 9788181283856
040 ## - CATALOGING SOURCE
Transcribing agency AIMIT LIBRARY
041 ## - LANGUAGE CODE
Language code of text/sound track or separate title eng
082 ## - DEWEY DECIMAL CLASSIFICATION NUMBER
Classification number 005.73
Item number VAZU
100 ## - MAIN ENTRY--PERSONAL NAME
Personal name Vazirani, Vijay V.
9 (RLIN) 184859
245 ## - TITLE STATEMENT
Title Approximation algorithms.
250 ## - EDITION STATEMENT
Edition statement 1st ed.
260 ## - PUBLICATION, DISTRIBUTION, ETC.
Place of publication, distribution, etc. New Delhi :
Name of publisher, distributor, etc. Springer ,
Date of publication, distribution, etc. 2013.
300 ## - PHYSICAL DESCRIPTION
Extent xix,380 p.;
Other physical details PB
Dimensions 23.5 cm.
650 ## - SUBJECT ADDED ENTRY--TOPICAL TERM
Topical term or geographic name entry element Multiway cut and k cut
9 (RLIN) 184860
650 ## - SUBJECT ADDED ENTRY--TOPICAL TERM
Topical term or geographic name entry element Shortest superstring
9 (RLIN) 184861
650 ## - SUBJECT ADDED ENTRY--TOPICAL TERM
Topical term or geographic name entry element Knapsack
9 (RLIN) 184862
650 ## - SUBJECT ADDED ENTRY--TOPICAL TERM
Topical term or geographic name entry element Minimum makespan scheduling
9 (RLIN) 184863
650 ## - SUBJECT ADDED ENTRY--TOPICAL TERM
Topical term or geographic name entry element Rounding applied to set cover
9 (RLIN) 184864
942 ## - ADDED ENTRY ELEMENTS (KOHA)
Source of classification or shelving scheme Dewey Decimal Classification
Koha item type Book
Call number prefix 005.73 VAZU
Holdings
Withdrawn status Lost status Damaged status Not for loan Collection code Home library Current library Source of acquisition Total Checkouts Full call number Barcode Date last seen Price effective from Koha item type
        MCA St Aloysius Institute of Management & Information Technology St Aloysius Institute of Management & Information Technology Knowledge World   005.73 VAZV MCA13915 05/23/2026 07/16/2021 Book